| 000 | 00722nam a2200241Ia 4500 | ||
|---|---|---|---|
| 003 | OSt | ||
| 005 | 20220927105024.0 | ||
| 006 | a|||||r|||| 00| 0 | ||
| 007 | ta | ||
| 008 | 220926b |||||||| |||| 00| 0 eng d | ||
| 024 | _a187477 | ||
| 037 | _cReference Collections | ||
| 040 |
_aRTL _cRTL _beng |
||
| 041 |
_2eng _aeng |
||
| 082 | _a"X5.2.N41r, H1" | ||
| 110 |
_a"INDIAN CHAMBER OF COMMERCE, CALCUTTA" _9369528 |
||
| 245 | 0 | _a"Annual report, 1941" | |
| 260 |
_aCalcutta _bIndian Chamber of Commerce _c1941 |
||
| 300 |
_a"xv, 473p" _ccm. |
||
| 700 |
_a"INDIAN CHAMBER OF COMMERCE, CALCUTTA" _9369529 |
||
| 942 |
_h"X5.2.N41r, H1" _cCC |
||
| 999 |
_c690274 _d690274 |
||